Asamiya bhashar kaushal aru dakshata bikash (AEC1)/ (Record no. 12261)

MARC details
000 -LEADER
fixed length control field 00555nam a22001817a 4500
005 - DATE AND TIME OF LATEST TRANSACTION
control field 20250910115918.0
008 - FIXED-LENGTH DATA ELEMENTS--GENERAL INFORMATION
fixed length control field 250910b |||||||| |||| 00| 0 eng d
040 ## - CATALOGING SOURCE
Original cataloging agency IN-DiNC
Transcribing agency IN-DiNC
041 ## - LANGUAGE CODE
Language code of sung or spoken text Assamese
082 ## - DEWEY DECIMAL CLASSIFICATION NUMBER
Classification number 491.451
Item number ASA
245 ## - TITLE STATEMENT
Title Asamiya bhashar kaushal aru dakshata bikash (AEC1)/
Statement of responsibility, etc. ed. by Raghunath Kagyung
250 ## - EDITION STATEMENT
Edition statement 1st ed.
260 ## - PUBLICATION, DISTRIBUTION, ETC.
Place of publication, distribution, etc. Dibrugarh:
Name of publisher, distributor, etc. Kaustubh prakashan,
Date of publication, distribution, etc. 2025.
300 ## - PHYSICAL DESCRIPTION
Extent 244p.
650 ## - SUBJECT ADDED ENTRY--TOPICAL TERM
Topical term or geographic name entry element Skill and ability enhancement in Assamese language (AEC1)
700 ## - ADDED ENTRY--PERSONAL NAME
Personal name Kagyung, Raghunath
Relator term Editor
942 ## - ADDED ENTRY ELEMENTS (KOHA)
Source of classification or shelving scheme Dewey Decimal Classification
Koha item type Books
Holdings
Withdrawn status Lost status Source of classification or shelving scheme Damaged status Not for loan Collection code Home library Current library Shelving location Date acquired Cost, normal purchase price Total Checkouts Full call number Barcode Date last seen Date last checked out Copy number Price effective from Koha item type
    Dewey Decimal Classification     Assamese Central Library, Naharkatiya College Central Library, Naharkatiya College General Stacks 10/09/2025 250.00 2 491.451 ASA 30876 28/11/2025 16/10/2025 1 10/09/2025 Books
    Dewey Decimal Classification     Assamese Central Library, Naharkatiya College Central Library, Naharkatiya College General Stacks 10/09/2025 250.00 2 491.451 ASA 30877 22/11/2025 16/10/2025 2 10/09/2025 Books
    Dewey Decimal Classification     Assamese Central Library, Naharkatiya College Central Library, Naharkatiya College General Stacks 10/09/2025 250.00 2 491.451 ASA 30878 15/11/2025 03/11/2025 3 10/09/2025 Books
    Dewey Decimal Classification     Assamese Central Library, Naharkatiya College Central Library, Naharkatiya College General Stacks 10/09/2025 250.00 1 491.451 ASA 30879 07/10/2025 20/09/2025 4 10/09/2025 Books
    Dewey Decimal Classification     Assamese Central Library, Naharkatiya College Central Library, Naharkatiya College General Stacks 10/09/2025 250.00 1 491.451 ASA 30880 09/10/2025 11/09/2025 5 10/09/2025 Books

Naharkatiya College © 2020. All rights reserved.

Powered By